| 000 | 00635nam a2200205 a 4500 | ||
|---|---|---|---|
| 005 | 20240228063627.0 | ||
| 008 | 080408s2005 es r 000 0 spa d | ||
| 020 | _a849656603X | ||
| 035 | _aUPN01000155301 | ||
| 049 | _aI | ||
| 050 | 4 |
_aPQ6168 _bB4.5 |
|
| 100 | 1 |
_aBlanco Laserna, David, _d1973- _934387 |
|
| 245 | 1 | 3 |
_aEl misterio de los 3 encantadores / _cDavid Blanco Laserna ; il. Carlos Pinto. |
| 260 |
_aMadrid : _bNivola, _c2005. |
||
| 300 |
_a139 p. : _bil. |
||
| 440 | 3 |
_aEl incorregible Albert ; _v2 |
|
| 650 | 4 |
_aLiteratura infantil espaƱola _95892 |
|
| 650 | 0 |
_aLiteratura juvenil espaƱola _912359 |
|
| 905 | _aInfantil | ||
| 999 |
_c127416 _d127416 |
||